<?xml version="1.0" encoding="UTF-8"?><?xml-stylesheet type="text/xsl" href="static/style.xsl"?><OAI-PMH xmlns="http://www.openarchives.org/OAI/2.0/" xmlns:xsi="http://www.w3.org/2001/XMLSchema-instance" xsi:schemaLocation="http://www.openarchives.org/OAI/2.0/ http://www.openarchives.org/OAI/2.0/OAI-PMH.xsd"><responseDate>2026-04-27T21:43:51Z</responseDate><request verb="GetRecord" identifier="oai:uvadoc.uva.es:10324/8053" metadataPrefix="marc">https://uvadoc.uva.es/oai/request</request><GetRecord><record><header><identifier>oai:uvadoc.uva.es:10324/8053</identifier><datestamp>2021-06-18T10:31:14Z</datestamp><setSpec>com_10324_38</setSpec><setSpec>col_10324_787</setSpec></header><metadata><record xmlns="http://www.loc.gov/MARC21/slim" xmlns:doc="http://www.lyncode.com/xoai" xmlns:xsi="http://www.w3.org/2001/XMLSchema-instance" xmlns:dcterms="http://purl.org/dc/terms/" xsi:schemaLocation="http://www.loc.gov/MARC21/slim http://www.loc.gov/standards/marcxml/schema/MARC21slim.xsd">
<leader>00925njm 22002777a 4500</leader>
<datafield tag="042" ind1=" " ind2=" ">
<subfield code="a">dc</subfield>
</datafield>
<datafield tag="720" ind1=" " ind2=" ">
<subfield code="a">Bidoggia, Federica</subfield>
<subfield code="e">author</subfield>
</datafield>
<datafield tag="260" ind1=" " ind2=" ">
<subfield code="c">2014</subfield>
</datafield>
<datafield tag="520" ind1=" " ind2=" ">
<subfield code="a">El presente trabajo analiza algunos de los aspectos más importantes del trastorno del lenguaje de afasia. Se propone de confrontar y explicar las diferentes formas de afasia y la tipología de errores que cometen los pacientes que sufren de esta enfermedad (desde el punto de vista semántico, sintáctico-gramatical, fonológico y lexical). El objetivo que se quiere alcanzar es lo de ver y analizar cuáles son esos errores y también demostrar que las personas que tienen afasia fluente, que supuestamente solo tienen un problema semántico-pragmático, tal vez resulta que tienen también dificultades de tipo gramatical. De hecho, en la literatura científica de este trastorno, se hace referencia a las faltas gramaticales que afectan la afasia de Broca, que es no fluente y tiene problemas más en la producción que en la comprensión. Por ello, lo que se quiere demostrar es que también en los pacientes que sufren de afasia fluente (con particular atención a la de Wernicke) hay la presencia de dichos errores. Es decir que muestran errores típicos del protolenguaje como el cambio del orden Sujeto / Verbo / Objeto; errores de concordancia en número, género, persona, tiempos verbales, artículos; no se muestra una estructura recursiva valida y también se omiten muchos constituyentes.</subfield>
</datafield>
<datafield tag="024" ind2=" " ind1="8">
<subfield code="a">http://uvadoc.uva.es/handle/10324/8053</subfield>
</datafield>
<datafield ind1=" " ind2=" " tag="653">
<subfield code="a">Afasia</subfield>
</datafield>
<datafield ind1=" " ind2=" " tag="653">
<subfield code="a">Lenguaje, Trastornos del</subfield>
</datafield>
<datafield tag="245" ind1="0" ind2="0">
<subfield code="a">Análisis de los aspectos lingüísticos en casos prácticos de afasia fluente</subfield>
</datafield>
</record></metadata></record></GetRecord></OAI-PMH>